SpongeBob Trivia - Statistics

General Stats
  • This quiz has been taken 91 times
  • The average score is 23 of 30
Answer Stats
Hint Answer % Correct
Green, evil creature that tries to steal the Secret Formula Plankton
96%
Yellow sponge SpongeBob
96%
The pet snail Gary
95%
Not-so-smart starfish Patrick
95%
"F is for ______ who do stuff together." friends
94%
Daughter of the owner of the Krusty Krab Pearl
94%
SpongeBob's neighbor Squidward
94%
Driving instructor / teacher Mrs. Puff / Puff
92%
She's from Texas Sandy
92%
"What's funnier than 24? __!" 25
91%
What kind of animal is Sandy? Squirrel
90%
The wife of the above ^ Karen
88%
Where does SpongeBob work? Krusty Krab
87%
Buff beach lifeguard Larry
87%
What kind of house does SpongeBob live in? Pineapple
87%
What kind of animal is Pearl? Whale
87%
What fictional city does SpongeBob live in? Bikini Bottom
84%
What instrument does Squidward play? Clarinet
83%
"Aye-aye _______!" captain
74%
What is SpongeBob's favorite amusement park? Glove World
71%
"Well, it may be _____, but it's also dumb." stupid
71%
"Can I be excused for the rest of __ ____?" my life
64%
"The best time to wear a _______ ______ is all the time." striped sweater
62%
"Goodbye everyone! I'll remember you all in _______!" therapy
58%
"____ always points to civilization." Moss
55%
"You don't need a license to drive a ________!" sandwich
49%
"I had a bowl of _____ for breakfast this morning." nails
47%
Who is SpongeBob's idol? Mermaid Man
40%
What was SpongeBob's original name? SpongeBoy
40%
What is the name of the invisible boat SpongeBob drives? Boaty
8%
No matching quizzes found
Score Distribution
Percent of People with Each Score
Percentile by Number Answered
Your Score History
You have not taken this quiz